Toán học cao cấp; T2

Salvato in:
Dettagli Bibliografici
Autore principale: Nguyễn Đình Trí
Natura: Libro
Lingua:Undetermined
Pubblicazione: Hà Nội ĐH và THCN 1991
Soggetti:
Tags: Aggiungi Tag
Nessun Tag, puoi essere il primo ad aggiungerne! !
Thư viện lưu trữ: Trung tâm Học liệu Trường Đại học Cần Thơ
LEADER 00587nam a2200205Ia 4500
001 CTU_1770
008 210402s9999 xx 000 0 und d
082 |a 515.076 
082 |b Tr300/T2 
100 |a Nguyễn Đình Trí 
245 0 |a Toán học cao cấp; T2 
245 0 |c Nguyễn Đình Trí 
260 |a Hà Nội 
260 |b ĐH và THCN 
260 |c 1991 
526 |a Toán cao cấp B 
526 |b TN059 
650 |a mathematical analysis - problems, exercises 
904 |i Minh, 960819 
980 |a Trung tâm Học liệu Trường Đại học Cần Thơ